Ellos miran : reflexiones sobre la cuestión animal /

-д хадгалсан:
Номзүйн дэлгэрэнгүй
Үндсэн зохиолч: Fierro, Jorge (autor)
Формат: Ном
Хэл сонгох:испани
Хэвлэсэн: Montevideo, Uruguay : Estuario, 2023, c2023
Цуврал:(Estuario Ensayo)
Нөхцлүүд:
Шошгууд: Шошго нэмэх
Шошго байхгүй, Энэхүү баримтыг шошголох эхний хүн болох!

MARC

LEADER 00000nam^a2200000^a^4500
001 000579391
005 20250521000000.0
009 20260310132528.321
020 |a 978-9915-675-20-6 
037 |a Acervo ITESO - Biblioteca 
041 |a ESP 
082 |a 179. 3  |b FIE 
100 |a Fierro, Jorge  |e (autor) 
245 1 0 |a Ellos miran :  |b reflexiones sobre la cuestión animal /  |c J. Fierro. 
264 4 |a Montevideo, Uruguay :  |b Estuario,  |c 2023, c2023 
300 |a 261 p. 
336 |a texto  |b txt  |2 rdacontenido 
337 |a sin mediación  |b n  |2 rdamedio 
338 |a volumen  |b nc  |2 rdasoporte 
440 1 |a (Estuario Ensayo) 
521 |a FIL 2023 DIA 
649 |a XX 
650 |a Animales -  |x Tratamiento -  |x Aspectos Eticos 
650 |a Antropocentrismo 
650 |a Maltrato de Animales -  |x Tema Principal 
650 |a Igualdad y Desigualdad -  |x Aspectos Eticos 
650 |a Ecología Animal 
650 |a Bioética 
650 |a Etica 
650 |a Filosofía 
910 |a Fondo General 
920 |a Impresos - Libros 
930 |a Colección General 
905 |a 101 
901 |a 0500405964  |b IT1  |c ACC  |i C184997  |u 20250521 
902 |a https://opac.biblio.iteso.mx/vufind/Record/000579391